Reading and writing workbook (orange), L.1-B.1 : (Record no. 105403)
[ view plain ]
| 000 -LEADER | |
|---|---|
| fixed length control field | 00647nam a2200193 a 4500 |
| 005 - DATE AND TIME OF LATEST TRANSACTION | |
| control field | 20140412111356.0 |
| 008 - FIXED-LENGTH DATA ELEMENTS--GENERAL INFORMATION | |
| fixed length control field | 051104s19uu xx 00 eng d |
| 020 ## - INTERNATIONAL STANDARD BOOK NUMBER | |
| International Standard Book Number | 0-02-831079-9 |
| 050 ## - LIBRARY OF CONGRESS CALL NUMBER | |
| Classification number | TR(GS 372.4 |
| Item number | A1 L.1-B.1(RWW) B.M. |
| 100 ## - MAIN ENTRY--PERSONAL NAME | |
| Personal name | Adams, Marilyn Jager |
| 245 ## - TITLE STATEMENT | |
| Title | Reading and writing workbook (orange), L.1-B.1 : |
| Remainder of title | Blackline masters / |
| Statement of responsibility, etc | Marilyn Jager Adams, et al. |
| 260 ## - PUBLICATION, DISTRIBUTION, ETC. (IMPRINT) | |
| Place of publication, distribution, etc | Columbus, Ohio : |
| Name of publisher, distributor, etc | SRA/McGraw-Hill Comp, |
| Date of publication, distribution, etc | 2000. |
| 300 ## - PHYSICAL DESCRIPTION | |
| Extent | 283 p. |
| 440 ## - SERIES STATEMENT/ADDED ENTRY--TITLE | |
| Title | SRA open court reading, Orange |
| 650 ## - SUBJECT ADDED ENTRY--TOPICAL TERM | |
| Topical term or geographic name as entry element | Reading |
| General subdivision | Study and teaching |
| 650 ## - SUBJECT ADDED ENTRY--TOPICAL TERM | |
| Topical term or geographic name as entry element | English language |
| General subdivision | Study and teaching |
| Withdrawn status | Lost status | Damaged status | Use restrictions | Home library | Current library | Shelving location | Date acquired | Source of acquisition | Total Checkouts | Full call number | Barcode | Date last seen | Price effective from | Koha item type |
|---|---|---|---|---|---|---|---|---|---|---|---|---|---|---|
| Elizalde Library | Elizalde Library | Teachers Reference Section | 11/04/2005 | TR(GS 372.4 A1 L.1-B.1(RWW) B.M. | E10067 | 04/12/2014 | 04/12/2014 | Books | ||||||
| Elizalde Library | Elizalde Library | Teachers Reference Section | 11/04/2005 | TR(GS 372.4 A1 L.1-B.1(RWW) B.M. | E10068 | 04/12/2014 | 04/12/2014 | Books |